000 00825nam a22002777a 4500
001 BR7326088
003 BR-BrBNA
005 20230928084347.0
007 ta
008 230509b bl.||||| |||| 00| 0 por d
040 _aBR-BrBNA
_bpor
_cBiblioteca Nacional de Agricultura
041 _a(Por)
072 _aF25
_b1453
_b/G514
090 _ 1453 BR7326088
100 1 _aMiranda, L.N. de
110 1 _aInstituto de Pesquisa Agropecuaria do Oeste, Campo Grande, MT (Brasil)
_96092
245 1 _aEstudo de calagem para alfafa, em cinco solos de Sao Paulo [Medicago sativa, Brasil]
260 3 _aCampo Grande, MT (Brasil):
_c1971.
300 _a5 p.
500 _a8 ref.; Summaries (Eng, Por)
650 _aALFAFA
650 _aSAO PAULO
650 _aCALAGEM
909 _a202309
_bLucia
_c55
_dLucia Elande
942 _cBK
999 _c18411
_d18411